UBT Library

COMMUNITY&PUBLIC HEALTH NURSING (Record no. 2925)

000 -LEADER
fixed length control field 00268nam a22001097a 4500
008 - FIXED-LENGTH DATA ELEMENTS--GENERAL INFORMATION
fixed length control field 170116b xxu||||| |||| 00| 0 eng d
020 ## - INTERNATIONAL STANDARD BOOK NUMBER
International Standard Book Number 9780323022408
041 ## - LANGUAGE CODE
Language code of text/sound track or separate title eng
080 ## - UNIVERSAL DECIMAL CLASSIFICATION NUMBER
Edition identifier 6TH
Universal Decimal Classification number 618.2
245 ## - TITLE STATEMENT
Title COMMUNITY&PUBLIC HEALTH NURSING
Statement of responsibility, etc STANHOPE, M
942 ## - ADDED ENTRY ELEMENTS (KOHA)
Source of classification or shelving scheme
Item type Books
Holdings
Withdrawn status Lost status Source of classification or shelving scheme Damaged status Not for loan Collection code Permanent location Current location Shelving location Date acquired Total Checkouts Full call number Barcode Date last seen Price effective from Koha item type
          Koleksioni i përgjithshem UBT - Lipjan UBT - Lipjan Koleksioni i përgjithshem 01/16/2017   618.2 STA 002-030008 01/16/2017 01/16/2017 Books
          Koleksioni i përgjithshem UBT - Lipjan UBT - Lipjan   05/08/2023   610.73STA 002-80008098 05/08/2023 05/08/2023 Books
UBT Library © 2015-2024. All rights reserved University Education for Business and Technology